000 01129nam a2200361 i 4500
999 _c8778
_d8778
001 8778
003 BD - JhCC
005 20180303201955.0
008 780530s1978 ne b 001 0 eng
020 _a9027975663 :
_cfl 50.00
035 _a(BD - JhCC)8778
035 _a(OCoLC)04002807
035 _aGLIS00058829
040 _aDLC
_cDLC
_dMYG
_dBD - JhCC
041 _aeng
082 _bSHV 1978
090 _aP25
_b.J35 no.159
099 _aP25.J35 no.159
100 1 _aShveit\0361ser, A. D.
_q(Aleksandr Davidovich)
245 1 0 _aStandard English in the United States and England /
_cAleksandr D. Svejcer.
260 _aThe Hague ;
_aNew York :
_bMouton,
_cc1978.
300 _avi, 172 p. ;
_c23 cm.
490 1 _aJanua linguarum. Series minor ;
_v159
500 _aIncludes index.
504 _aBibliography: p. [165]-170.
650 0 _aEnglish language.
650 0 _aEnglish language
_zUnited States.
650 0 _aEnglish language
_xVariation.
650 0 _aEnglish language
_xStandardization.
830 0 _aJanua linguarum.
_v159.
942 _2ddc
_cBK